| 000 | 00893nam a22001817a 4500 | ||
|---|---|---|---|
| 008 | 100713t1984 xxu||||| |||| 00| 0 ara d | ||
| 082 |
_222 _bم ر ز _a341.75 |
||
| 100 | 1 |
_916361 _aمزراق، مختار |
|
| 245 |
_aحركة عدم الانحياز في العلاقات الدولية / _cمختار مزراق. |
||
| 260 |
_a[القاهرة] : _bالدار العالمية، _c1984. |
||
| 300 |
_a407 ص : _bخرائط ؛ _c24 سم. |
||
| 504 | _aيحتوي علي فهرس وارجاعات ببليوجرافية | ||
| 541 |
_aألف باء ؛ _cشراء ؛ |
||
| 650 | 0 |
_915470 _aالعلاقات الاقتصادية الدولية |
|
| 650 | 0 |
_916088 _aالسياسة الخارجية |
|
| 942 |
_2ddc _cBB |
||
| 999 |
_c14492 _d14492 |
||